| 000 | 02063nam a2200337 a 4500 | ||
|---|---|---|---|
| 001 | 000013811 | ||
| 003 | DO-SdBPM | ||
| 005 | 20230316112339.0 | ||
| 008 | 091130s2008 dr a r 000 0 spa d | ||
| 020 | _a9789945865141 | ||
| 040 |
_aDO-SdBPM _bspa _cBPMSU |
||
| 082 |
_a324.27293 _bT266p 2008 _222 |
||
| 100 | 1 | _aTejada Holguín, Ramón | |
| 245 | 1 | 3 |
_aEl papel de los partidos políticos en la construcción de la transparencia en la administración pública / _cRamón Tejada Holguín. |
| 246 | 1 | 3 | _aSegundo desayuno-panel Facultad Latinoamericana de Ciencias Sociales (FLACSO) |
| 246 | 1 | 3 | _aSeparación de poderes y sistemas de control : los poderes del Estado en la Reforma Constitucional en la República Dominicana |
| 260 |
_aSanto Domingo : _bFLACSO : _bCONARE , _c[2008]. |
||
| 300 |
_a3v. : _bil. ; _c22 cm. |
||
| 490 | 0 | _aReforma y modernización del sistema político dominicano | |
| 500 | _aIncluye referencias bibliográficas y notas al pie de las páginas | ||
| 504 | _aBibliografía : p. 32-33 | ||
| 505 | 0 | _av.1. : 1o. Panel :Separación de poderes y sistemas de control: los poderes del Estado en la reforma constitucional de la República Dominicana / Cristóbal Rodríguez Gómez -- v. 2. : 2o. Panel : El papel de los partidos políticos en la construcción de la transparencia en la administración pública-- v.3. : 3o. Panel- Nacionalidad, ciudadanía y reforma constitucional en la República Dominicana de principios del siglo XXI / Wilfredo Lozano-- v.4. : 4o. Panel : Ley de acceso a la información: balance y analisís. | |
| 590 | _aInventariado, 2023/VM | ||
| 650 | 4 |
_aPartidos políticos _zRepública Dominicana _vCongresos, conferencias, etc |
|
| 650 | 4 |
_aCorrupción administrativa _zRepública Dominicana _vCongresos, conferencias, etc |
|
| 710 | 2 | 2 | _aFacultad Latinoamericana de Ciencias Sociales |
| 710 | 2 | 2 | _aConsejo Nacional de Reforma del Estado (República Dominicana) |
| 830 | 0 | _aReforma y Modernización del Sistema Político Dominicano | |
| 910 | _aVMateo V. Control de calidad (BPMSU) | ||
| 942 |
_2ddc _cBK |
||
| 999 |
_c14378 _d14378 |
||